000 00674cab a2200217 4500
001 WB3215-83
008 090401t1996 xxu||||| |||| 00| 0 eng d
035 _a(Sirsi) u70096
041 _aeng
245 _aSatellite dishes
260 _c1996
350 _a0
490 _aDoE News Release
_v(165) 3 April 1996, (3)
520 _aA DoE consultation paper "Planning and Telecommunications" proposes the rationalisation of controls over television satellite dishes. Comments by 7 June 1996.
650 _aPLANNING CONTROL
650 _aSATELLITE DISHES
650 _aTELECOMMUNICATIONS
690 _aPLANNING LAW AND PRACTICE
942 _n0
948 _c04/03/1997
999 _c44096
_d44096